Loading...
| Current Events | 2 | 25.00 | 100% | 100% | 50% |
| Fine Arts - Auditory Fine Arts | 6 | 11.67 | 83% | 0% | 33% |
| Fine Arts - Visual Fine Arts | 10 | 14.00 | 90% | 40% | 10% |
| Geography | 4 | 15.00 | 100% | 25% | 25% |
| History - American History | 2 | 15.00 | 100% | 50% | 0% |
| History - Ancient History | 5 | 18.00 | 100% | 80% | 0% |
| History - European History | 6 | 13.33 | 83% | 50% | 0% |
| History - World History | 3 | 20.00 | 100% | 67% | 33% |
| Literature - American Literature | 7 | 14.29 | 86% | 43% | 14% |
| Literature - British Literature | 6 | 13.33 | 100% | 33% | 0% |
| Literature - European Literature | 1 | 10.00 | 100% | 0% | 0% |
| Literature - World Literature | 4 | 12.50 | 75% | 50% | 0% |
| Mythology | 1 | 20.00 | 100% | 100% | 0% |
| Other Academic | 3 | 20.00 | 100% | 67% | 33% |
| Philosophy | 7 | 14.29 | 86% | 43% | 14% |
| Religion | 5 | 10.00 | 80% | 20% | 0% |
| Science - Biology | 4 | 10.00 | 75% | 25% | 0% |
| Science - Chemistry | 6 | 8.33 | 83% | 0% | 0% |
| Science - Other Science | 5 | 12.00 | 80% | 40% | 0% |
| Science - Physics | 3 | 6.67 | 67% | 0% | 0% |
| Social Science | 2 | 15.00 | 100% | 50% | 0% |